00886 2200265 4500001002100000005001500021035002000036007000300056008004100059020002200100082001100122084001700133100004300150245014500193250002400338260004100362300003600403500007900439650002900518700001900547700001700566700001500583990001100598990001100609INLIS00000000000414820190930023223 a0010-0919000078ta190930 f 0 ind  a978-979-592-753-2 a297.99 a297.99 SAL b0 aSALAMAH, Muhammad Al-Harafi Al-Ballawi1 aBuku Pintar Sejarah dan Peradaban Islam /cSalamah Muhammad Al-Harafi Al-Ballawi; penerjemah, Masturi Irham, Malik Supar; editor, Artawijaya aed.Indonesia, cet.1 aJakarta :bPustaka Al-Kautsar,c2016 axx, 960 hlm. :bilus. ;c25 cm. aJudul asli : Al-Mursyid Al-Wajiz Fi At-Tarikh Wa Al-Hadharah Al-Islamiyyah 4aISLAM. SEJARAH PERADABAN0 aMASTURI, Irham0 aMALIK, Supar0 aARTAWIJAYA a6924 a a6924 b